[Event "Tromso ol (Men) 41st"]
[Site "Tromso"]
[Date "2014.08.09"]
[Round "7.1"]
[White "Djukic, Nikola"]
[Black "Palo, Davor"]
[Result "1-0"]
[WhiteElo "2521"]
[BlackElo "2562"]
[PlyCount "145"]
[EventDate "2014.08.02"]
[EventType "team-swiss"]
[EventRounds "11"]
[EventCountry "NOR"]
[Source "ChessBase"]
[SourceDate "2014.09.17"]
[WhiteTeam "Montenegro"]
[BlackTeam "Denmark"]
[WhiteTeamCountry "MNE"]
[BlackTeamCountry "DEN"]

1. e4 c6 2. d4 d5 3. Nc3 dxe4 4. Nxe4 Nd7 5. Nf3 Ngf6 6. Nxf6+ Nxf6 7. c3 Bg4
8. h3 Bxf3 9. Qxf3 e6 10. Bc4 Be7 11. g3 O-O 12. O-O Nd5 13. h4 Bf6 14. Re1 Rc8
15. Bd2 g6 16. Rad1 Kg7 17. Kg2 h5 18. Bd3 Rc7 19. Bc1 Rd7 20. Bc2 Rh8 21. a3
Be7 22. Qd3 Bf6 23. Qf3 Be7 24. Rd3 Bf6 25. Qe2 Ne7 26. Rf3 Nf5 27. Bf4 Qa5 28.
Bxf5 exf5 29. Re3 Qd5+ 30. Qf3 Rc8 31. Be5 Qxf3+ 32. Kxf3 c5 33. Bxf6+ Kxf6 34.
Rd1 Rcd8 35. Red3 Rd5 36. Ke2 Re8+ 37. Kf3 Red8 38. R1d2 R8d6 39. Ke2 c4 40.
Re3 Rb6 41. Kd1 Re6 42. Rde2 f4 43. gxf4 Rf5 44. Re4 Ke7 45. Rxe6+ fxe6 46. Re4
Kd6 47. Kc2 Rf7 48. b4 cxb3+ 49. Kxb3 Kd5 50. f3 Kd6 51. c4 b6 52. Kb4 Rf5 53.
a4 Kd7 54. c5 Rf8 55. Kb5 bxc5 56. dxc5 Rb8+ 57. Ka6 Rb3 58. Kxa7 Rxf3 59. a5
Rc3 60. Kb6 Rb3+ 61. Ka6 Rb1 62. Rd4+ Kc7 63. Rd6 Rc1 64. Rxe6 Rxc5 65. Rxg6
Rf5 66. Rg5 Rxf4 67. Rxh5 Rb4 68. Rh8 Rf4 69. h5 Rf5 70. h6 Re5 71. h7 Rh5 72.
Ra8 Rh6+ 73. Kb5 1-0

[Event "Tromso ol (Men) 41st"]
[Site "Tromso"]
[Date "2014.08.09"]
[Round "7.2"]
[White "Rasmussen, Allan Stig"]
[Black "Blagojevic, Dragisa"]
[Result "1-0"]
[WhiteElo "2522"]
[BlackElo "2505"]
[PlyCount "85"]
[EventDate "2014.08.02"]
[EventType "team-swiss"]
[EventRounds "11"]
[EventCountry "NOR"]
[Source "ChessBase"]
[SourceDate "2014.09.17"]
[WhiteTeam "Denmark"]
[BlackTeam "Montenegro"]
[WhiteTeamCountry "DEN"]
[BlackTeamCountry "MNE"]

1. e4 e5 2. Nf3 Nc6 3. Bb5 a6 4. Ba4 Nge7 5. c3 g6 6. d4 exd4 7. cxd4 b5 8. Bc2
d5 9. exd5 Nxd5 10. O-O Bg7 11. Bg5 Nce7 12. Nc3 Nxc3 13. bxc3 O-O 14. a4 f6
15. Bd2 Bb7 16. Bd3 Qd7 17. axb5 axb5 18. Qb3+ Bd5 19. Qxb5 c6 20. Qc5 Bxf3 21.
gxf3 Rfd8 22. Qc4+ Nd5 23. Rxa8 Rxa8 24. Rb1 Bf8 25. Be4 Kh8 26. Qb3 Bd6 27.
Qb7 Qe8 28. Re1 Rb8 29. Qa7 Ra8 30. Qb7 Rb8 31. Qa6 Qd7 32. Bxd5 cxd5 33. Bf4
Rd8 34. Bxd6 Qxd6 35. Re8+ Kg7 36. Qb7+ Rd7 37. Qc8 Kh6 38. Rh8 f5 39. Re8 Rc7
40. Qb8 Qd7 41. Re3 Kg5 42. Qf8 Rc8 43. f4+ 1-0

[Event "Tromso ol (Men) 41st"]
[Site "Tromso"]
[Date "2014.08.09"]
[Round "7.3"]
[White "Drasko, Milan"]
[Black "Glud, Jakob Vang"]
[Result "0-1"]
[WhiteElo "2437"]
[BlackElo "2533"]
[PlyCount "86"]
[EventDate "2014.08.02"]
[EventType "team-swiss"]
[EventRounds "11"]
[EventCountry "NOR"]
[Source "ChessBase"]
[SourceDate "2014.09.17"]
[WhiteTeam "Montenegro"]
[BlackTeam "Denmark"]
[WhiteTeamCountry "MNE"]
[BlackTeamCountry "DEN"]

1. Nf3 d5 2. g3 Nf6 3. Bg2 c6 4. O-O Bf5 5. d3 e6 6. c4 h6 7. Be3 Be7 8. Qb3
Qc8 9. Nc3 O-O 10. cxd5 exd5 11. Rac1 Rd8 12. Nd4 Bh3 13. Nf3 Bxg2 14. Kxg2 Na6
15. h3 Nc7 16. Na4 Ne6 17. Nc5 Bxc5 18. Bxc5 Qc7 19. Qa3 Nh7 20. d4 Re8 21. Bd6
Qd7 22. Ne5 Qc8 23. Qd3 Neg5 24. Rh1 Qe6 25. h4 Qxd6 26. hxg5 Nxg5 27. Rc2 Re7
28. a3 c5 29. Rxc5 Rxe5 30. f4 Re4 31. fxg5 Rae8 32. Kf2 hxg5 33. Rc3 Qb6 34.
b4 g4 35. Ke1 g6 36. Qd2 a5 37. Rd3 axb4 38. axb4 Rxe2+ 39. Qxe2 Qxb4+ 40. Kf2
Rxe2+ 41. Kxe2 Qb2+ 42. Rd2 Qc3 43. Rb1 Qf3+ 0-1

[Event "Tromso ol (Men) 41st"]
[Site "Tromso"]
[Date "2014.08.09"]
[Round "7.4"]
[White "Andersen, Mads"]
[Black "Kosic, Dragan"]
[Result "1/2-1/2"]
[WhiteElo "2477"]
[BlackElo "2486"]
[PlyCount "76"]
[EventDate "2014.08.02"]
[EventType "team-swiss"]
[EventRounds "11"]
[EventCountry "NOR"]
[Source "ChessBase"]
[SourceDate "2014.09.17"]
[WhiteTeam "Denmark"]
[BlackTeam "Montenegro"]
[WhiteTeamCountry "DEN"]
[BlackTeamCountry "MNE"]

1. e4 e6 2. d4 d5 3. Nc3 Nf6 4. e5 Nfd7 5. f4 c5 6. Nf3 Nc6 7. Be3 Be7 8. Qd2
O-O 9. dxc5 Bxc5 10. O-O-O Qb6 11. Nd4 Nxd4 12. Bxd4 Bxd4 13. Qxd4 Qxd4 14.
Rxd4 a6 15. h4 b6 16. h5 Ra7 17. h6 g6 18. Be2 Rc7 19. Nd1 f6 20. exf6 Nxf6 21.
Bf3 Ne8 22. Nf2 Nd6 23. Bg4 Rf6 24. Nd3 Nf7 25. g3 Kf8 26. Rb4 b5 27. a4 Bd7
28. a5 Nd8 29. Ne5 Nb7 30. Rd4 Bc8 31. b4 Nd6 32. Re1 Ne4 33. Rexe4 dxe4 34.
Rd8+ Ke7 35. Rh8 Kd6 36. Rd8+ Ke7 37. Rh8 Kd6 38. Rd8+ Ke7 1/2-1/2

[Event "Tromso ol (Men) 41st"]
[Site "Tromso"]
[Date "2014.08.10"]
[Round "8.1"]
[White "Palo, Davor"]
[Black "Lie, Espen"]
[Result "1-0"]
[WhiteElo "2562"]
[BlackElo "2435"]
[PlyCount "99"]
[EventDate "2014.08.02"]
[EventType "team-swiss"]
[EventRounds "11"]
[EventCountry "NOR"]
[Source "ChessBase"]
[SourceDate "2014.09.17"]
[WhiteTeam "Denmark"]
[BlackTeam "Norway III"]
[WhiteTeamCountry "DEN"]
[BlackTeamCountry "NOR"]

1. d4 Nf6 2. c4 g6 3. Nc3 Bg7 4. Nf3 O-O 5. Bg5 d6 6. e3 Nbd7 7. Be2 c6 8. Qc2
e5 9. O-O Re8 10. Rad1 Qa5 11. Bh4 Nf8 12. d5 c5 13. Nd2 a6 14. a3 Bf5 15. e4
Bd7 16. b4 Qc7 17. bxc5 Qxc5 18. Rb1 b5 19. Rfc1 Rec8 20. Qb2 Qd4 21. Nf3 Qa7
22. Nd2 Qd4 23. Nf3 Qa7 24. cxb5 axb5 25. Nxb5 Rxc1+ 26. Qxc1 Bxb5 27. Bxb5
Nxe4 28. Bc6 Rb8 29. Rxb8 Qxb8 30. Qc2 f5 31. Ng5 Bf6 32. Nxe4 Bxh4 33. Nd2 Qa7
34. g3 Bd8 35. Nc4 Bb6 36. Nxb6 Qxb6 37. a4 Qd4 38. Qc1 Qb4 39. Qa1 Qa5 40. Kf1
h6 41. Qa3 f4 42. Qxd6 Qa6+ 43. Kg1 Qe2 44. Bb5 Qd1+ 45. Bf1 Qxa4 46. Qxe5 fxg3
47. hxg3 Kf7 48. Qc7+ Qd7 49. d6 Kf6 50. Bb5 1-0

[Event "Tromso ol (Men) 41st"]
[Site "Tromso"]
[Date "2014.08.10"]
[Round "8.2"]
[White "Hauge, Lars Oskar"]
[Black "Rasmussen, Allan Stig"]
[Result "0-1"]
[WhiteElo "2346"]
[BlackElo "2522"]
[PlyCount "108"]
[EventDate "2014.08.02"]
[EventType "team-swiss"]
[EventRounds "11"]
[EventCountry "NOR"]
[Source "ChessBase"]
[SourceDate "2014.09.17"]
[WhiteTeam "Norway III"]
[BlackTeam "Denmark"]
[WhiteTeamCountry "NOR"]
[BlackTeamCountry "DEN"]

1. d4 Nf6 2. Nf3 e6 3. c4 d5 4. g3 dxc4 5. Bg2 a6 6. O-O Nc6 7. Nc3 Rb8 8. e4
b5 9. Be3 Be7 10. Ne1 e5 11. d5 Na5 12. h3 c6 13. f4 b4 14. fxe5 bxc3 15. exf6
Bxf6 16. bxc3 Bxc3 17. Bd4 Bxd4+ 18. Qxd4 Qb6 19. Nc2 O-O 20. Rf3 cxd5 21. exd5
Qg6 22. Qc3 Rb5 23. Raf1 Nb7 24. Ne3 Nd6 25. Nxc4 Nxc4 26. Qxc4 Qd6 27. Qc6 Rb6
28. Qxd6 Rxd6 29. Rb3 Bd7 30. Rc1 Bb5 31. Rb4 Rfd8 32. Kf2 Re8 33. Bf3 Kf8 34.
a4 Bd7 35. g4 g5 36. a5 Bb5 37. Re4 Red8 38. Ree1 Rf6 39. Ke3 Ke7 40. Be4 Kd6
41. h4 h6 42. Bf5 Re8+ 43. Kd4 Rxe1 44. Rxe1 gxh4 45. Ke4 Bc4 46. Rd1 Kc5 47.
Ke5 Rd6 48. Be4 f6+ 49. Kf4 Bxd5 50. Rc1+ Bc4 51. Rh1 Rd4 52. Re1 Bd5 53. Rc1+
Kd6 54. Rc4 Rxc4 0-1

[Event "Tromso ol (Men) 41st"]
[Site "Tromso"]
[Date "2014.08.10"]
[Round "8.3"]
[White "Aagaard, Jacob"]
[Black "Holm, Kristian Stuvik"]
[Result "1-0"]
[WhiteElo "2525"]
[BlackElo "2275"]
[PlyCount "137"]
[EventDate "2014.08.02"]
[EventType "team-swiss"]
[EventRounds "11"]
[EventCountry "NOR"]
[Source "ChessBase"]
[SourceDate "2014.09.17"]
[WhiteTeam "Denmark"]
[BlackTeam "Norway III"]
[WhiteTeamCountry "DEN"]
[BlackTeamCountry "NOR"]

1. e4 c5 2. Nf3 g6 3. d4 cxd4 4. Qxd4 Nf6 5. e5 Nc6 6. Qa4 Nd5 7. Qe4 Nb6 8.
Bb5 Bg7 9. O-O d5 10. Qh4 h6 11. Re1 Bd7 12. Nc3 e6 13. Qg3 a6 14. Bd3 Qc7 15.
Bd2 Ne7 16. b3 O-O-O 17. Ne2 Kb8 18. Bb4 Nec8 19. Ned4 Bf8 20. Ba5 Ba3 21. Rab1
Be7 22. Qf4 f5 23. Qe3 g5 24. Nd2 Bc5 25. c3 f4 26. Qe2 Na7 27. Rec1 Rc8 28.
Rc2 Qd8 29. Qd1 Qe7 30. a3 Na8 31. Bb4 Nc6 32. Nxc6+ Bxc6 33. Nf3 Bd7 34. Nd4
Rc7 35. Qe2 Rhc8 36. Rbc1 Qg7 37. h3 Ka7 38. Bxc5+ Rxc5 39. b4 R5c7 40. c4 dxc4
41. Bxc4 Nb6 42. Bb3 Rxc2 43. Rxc2 Rxc2 44. Bxc2 h5 45. Bb3 Qg6 46. Qc2 Qxc2
47. Nxc2 Ba4 48. Bxa4 Nxa4 49. Nd4 Nb2 50. Nxe6 Nc4 51. Nxg5 Nxe5 52. Ne4 Kb6
53. Nc3 Kc6 54. Kf1 f3 55. gxf3 Nxf3 56. Kg2 Ne1+ 57. Kg3 Nc2 58. Kh4 Nxa3 59.
Kxh5 Nc2 60. h4 Nxb4 61. Kg6 Nd3 62. h5 Nf4+ 63. Kg5 Ne6+ 64. Kf6 Nf8 65. Kf7
Nh7 66. Kg7 Ng5 67. h6 b5 68. f4 Ne6+ 69. Kf7 1-0

[Event "Tromso ol (Men) 41st"]
[Site "Tromso"]
[Date "2014.08.10"]
[Round "8.4"]
[White "Mihajlov, Sebastian"]
[Black "Glud, Jakob Vang"]
[Result "0-1"]
[WhiteElo "2305"]
[BlackElo "2533"]
[PlyCount "86"]
[EventDate "2014.08.02"]
[EventType "team-swiss"]
[EventRounds "11"]
[EventCountry "NOR"]
[Source "ChessBase"]
[SourceDate "2014.09.17"]
[WhiteTeam "Norway III"]
[BlackTeam "Denmark"]
[WhiteTeamCountry "NOR"]
[BlackTeamCountry "DEN"]

1. d4 Nf6 2. c4 e6 3. Nc3 Bb4 4. e3 O-O 5. Nge2 Re8 6. a3 Bf8 7. Ng3 d5 8. Bd3
Nbd7 9. O-O c5 10. dxc5 Nxc5 11. Be2 a5 12. cxd5 exd5 13. Bf3 Be6 14. Nb5 a4
15. Nd4 Qb6 16. Bd2 Nce4 17. Bxe4 Nxe4 18. Nxe4 dxe4 19. Bc3 Bc4 20. Re1 Qg6
21. Qd2 Re5 22. Bb4 Rg5 23. g3 b5 24. Bxf8 Rxf8 25. Rad1 Qh6 26. Kg2 Rh5 27.
Rh1 Rd5 28. Rhe1 Rfd8 29. Qa5 Qf6 30. Rd2 g5 31. h3 h5 32. Red1 Kh7 33. Qc7
R8d7 34. Qa5 h4 35. g4 Rxd4 36. Rxd4 Rxd4 37. Rxd4 Qf3+ 38. Kg1 Qxh3 39. Qe1
Qxg4+ 40. Kh2 Qf5 41. Kg2 Qf3+ 42. Kh2 g4 43. Qg1 Qh3# 0-1

[Event "Tromso ol (Men) 41st"]
[Site "Tromso"]
[Date "2014.08.11"]
[Round "9.1"]
[White "Palo, Davor"]
[Black "Adams, Michael"]
[Result "1/2-1/2"]
[WhiteElo "2562"]
[BlackElo "2740"]
[PlyCount "112"]
[EventDate "2014.08.02"]
[EventType "team-swiss"]
[EventRounds "11"]
[EventCountry "NOR"]
[Source "ChessBase"]
[SourceDate "2014.09.17"]
[WhiteTeam "Denmark"]
[BlackTeam "England"]
[WhiteTeamCountry "DEN"]
[BlackTeamCountry "ENG"]

1. d4 d5 2. c4 c6 3. Nf3 Nf6 4. Nc3 dxc4 5. a4 e6 6. e3 c5 7. Bxc4 Nc6 8. O-O
cxd4 9. exd4 Be7 10. Be3 O-O 11. Ne5 Bd7 12. Nxd7 Qxd7 13. d5 exd5 14. Nxd5
Rad8 15. Nxe7+ Qxe7 16. Qc1 Ng4 17. Bg5 Qe5 18. Bf4 Qf5 19. Bg3 Nge5 20. Re1
Nxc4 21. Qxc4 Rd4 22. Qe2 h6 23. h3 Rfd8 24. Rad1 Kh7 25. Rxd4 Rxd4 26. Qb5 Qd7
27. Qc5 Kg8 28. b3 Rd1 29. Qe3 f6 30. Rxd1 Qxd1+ 31. Kh2 Kf7 32. Qc3 Qd4 33.
Qc2 Qd5 34. Qc3 a6 35. f3 h5 36. Qc2 Ne7 37. Qc3 Nf5 38. Qc7+ Kg6 39. Qc2 Kh6
40. Bf2 h4 41. Qe4 Qxe4 42. fxe4 Nd6 43. Bxh4 Nxe4 44. b4 Kg6 45. g4 f5 46. b5
axb5 47. axb5 Nc3 48. b6 Nd5 49. Bf2 Nf6 50. gxf5+ Kxf5 51. Bd4 Nh5 52. Bb2 g6
53. Kg2 Ke4 54. Bc1 Nf6 55. Kg3 Nd5 56. Kg4 Nxb6 1/2-1/2

[Event "Tromso ol (Men) 41st"]
[Site "Tromso"]
[Date "2014.08.11"]
[Round "9.3"]
[White "Glud, Jakob Vang"]
[Black "Howell, David"]
[Result "0-1"]
[WhiteElo "2533"]
[BlackElo "2650"]
[PlyCount "114"]
[EventDate "2014.08.02"]
[EventType "team-swiss"]
[EventRounds "11"]
[EventCountry "NOR"]
[Source "ChessBase"]
[SourceDate "2014.09.17"]
[WhiteTeam "Denmark"]
[BlackTeam "England"]
[WhiteTeamCountry "DEN"]
[BlackTeamCountry "ENG"]

1. c4 g6 2. g3 Bg7 3. Bg2 e5 4. Nc3 d6 5. e4 Nf6 6. Nge2 O-O 7. O-O c6 8. d3 a6
9. h3 b5 10. Be3 Nbd7 11. Kh2 Re8 12. Qd2 Rb8 13. Rac1 Bb7 14. b4 bxc4 15. dxc4
Nb6 16. Qd3 d5 17. c5 Na8 18. f4 d4 19. fxe5 dxe3 20. Qxd8 Ng4+ 21. hxg4 Rbxd8
22. Rf3 Nc7 23. Rxe3 Bxe5 24. Rc2 Ne6 25. a4 a5 26. b5 Rc8 27. b6 Nxc5 28. Nb1
Na6 29. Na3 Nb4 30. Rc5 Ba6 31. Rxa5 Rb8 32. Rxa6 Nxa6 33. Nc4 Rbd8 34. Ng1 Bd4
35. Re2 Bxg1+ 36. Kxg1 Rd4 37. Rc2 Kf8 38. e5 Nb8 39. a5 Rxg4 40. Kf2 Rd4 41.
Ke3 Rg4 42. Kf3 h5 43. Bf1 Rd4 44. Ra2 Nd7 45. a6 Rxc4 46. Bxc4 Nxb6 47. a7
Nxc4 48. a8=Q Nxe5+ 49. Ke4 Nd7+ 50. Qxe8+ Kxe8 51. Rc2 c5 52. Kd5 Nf6+ 53. Ke5
Ke7 54. Re2 Ng4+ 55. Kd5+ Kf6 56. Kxc5 Nh6 57. Rg2 Ke5 0-1

[Event "Tromso ol (Men) 41st"]
[Site "Tromso"]
[Date "2014.08.11"]
[Round "9.4"]
[White "Sadler, Matthew D"]
[Black "Andersen, Mads"]
[Result "1-0"]
[WhiteElo "2653"]
[BlackElo "2477"]
[PlyCount "103"]
[EventDate "2014.08.02"]
[EventType "team-swiss"]
[EventRounds "11"]
[EventCountry "NOR"]
[Source "ChessBase"]
[SourceDate "2014.09.17"]
[WhiteTeam "England"]
[BlackTeam "Denmark"]
[WhiteTeamCountry "ENG"]
[BlackTeamCountry "DEN"]

1. e4 e5 2. Nf3 Nc6 3. Bb5 Nf6 4. d3 Bc5 5. c3 O-O 6. O-O d6 7. Nbd2 Ne7 8. d4
exd4 9. cxd4 Bb6 10. Re1 Bg4 11. Qc2 a6 12. Bf1 Re8 13. b3 d5 14. e5 Nd7 15.
Bb2 Nf8 16. Bd3 Neg6 17. h3 Be6 18. Nf1 Nf4 19. Bf5 Rc8 20. b4 a5 21. a3 axb4
22. axb4 Qd7 23. Ng3 Qb5 24. Qd2 Bxf5 25. Nxf5 N8e6 26. Rad1 Ra8 27. g3 Ng6 28.
Ra1 Kf8 29. Bc3 Qc4 30. Ne3 Qb5 31. h4 Ne7 32. Kg2 Kg8 33. Rh1 Kf8 34. Qc2 Kg8
35. Ng5 Nf8 36. f4 f6 37. Nf3 fxe5 38. fxe5 Rxa1 39. Rxa1 Ne6 40. Ng5 Nxg5 41.
hxg5 Ng6 42. Nf5 Nf8 43. Rh1 Qd7 44. Ne3 Rd8 45. Qb1 Qc6 46. Qc2 Qg6 47. Nf5
Qxg5 48. Bd2 Qg4 49. Bh6 Ne6 50. Rh4 Nxd4 51. Nxd4 Qd7 52. Bg5 1-0

[Event "Tromso ol (Men) 41st"]
[Site "Tromso"]
[Date "2014.08.12"]
[Round "10.1"]
[White "Nedev, Trajce"]
[Black "Palo, Davor"]
[Result "1/2-1/2"]
[WhiteElo "2484"]
[BlackElo "2562"]
[PlyCount "122"]
[EventDate "2014.08.02"]
[EventType "team-swiss"]
[EventRounds "11"]
[EventCountry "NOR"]
[Source "ChessBase"]
[SourceDate "2014.09.17"]
[WhiteTeam "FYROM"]
[BlackTeam "Denmark"]
[WhiteTeamCountry "MKD"]
[BlackTeamCountry "DEN"]

1. e4 c6 2. d4 d5 3. Nc3 dxe4 4. Nxe4 Nd7 5. Ng5 Ngf6 6. Bd3 e6 7. Qe2 Bd6 8.
N1f3 h6 9. Ne4 Nxe4 10. Qxe4 Nf6 11. Qe2 Qc7 12. Bd2 b6 13. O-O-O Bb7 14. Ne5
O-O-O 15. Ba6 Bxe5 16. dxe5 Nd5 17. Bxb7+ Kxb7 18. c4 Ne7 19. Bc3 Rxd1+ 20.
Rxd1 Rd8 21. Rxd8 Qxd8 22. Qf3 Qe8 23. h4 Kc7 24. h5 c5 25. g4 Nc6 26. Qd3 Nd4
27. Bxd4 Qd7 28. Qf3 cxd4 29. Kd2 Kd8 30. Qa8+ Ke7 31. Kd3 Qa4 32. Qb7+ Ke8 33.
Qc8+ Ke7 34. Qc7+ Ke8 35. Qb8+ Ke7 36. Qb7+ Ke8 37. Qc8+ Ke7 38. Qc7+ Ke8 39.
Qb8+ Ke7 40. Qd6+ Ke8 41. Kxd4 Qxa2 42. Kc3 Qa4 43. Qb8+ Ke7 44. Qd6+ Ke8 45.
Qb8+ Ke7 46. Qd6+ Ke8 47. f4 Qa1 48. Kb3 Qf1 49. Qb8+ Kd7 50. Qb7+ Ke8 51. Qb8+
Kd7 52. Qd6+ Ke8 53. Qb8+ Kd7 54. Qxa7+ Kc6 55. Qa4+ Kc7 56. Qa7+ Kc6 57. Qa4+
Kc7 58. Qb4 Qxf4 59. Qd6+ Kb7 60. Qd7+ Kb8 61. Qd6+ Kb7 1/2-1/2

[Event "Tromso ol (Men) 41st"]
[Site "Tromso"]
[Date "2014.08.12"]
[Round "10.2"]
[White "Rasmussen, Allan Stig"]
[Black "Pancevski, Filip"]
[Result "0-1"]
[WhiteElo "2522"]
[BlackElo "2464"]
[PlyCount "48"]
[EventDate "2014.08.02"]
[EventType "team-swiss"]
[EventRounds "11"]
[EventCountry "NOR"]
[Source "ChessBase"]
[SourceDate "2014.09.17"]
[WhiteTeam "Denmark"]
[BlackTeam "FYROM"]
[WhiteTeamCountry "DEN"]
[BlackTeamCountry "MKD"]

1. d4 d5 2. c4 dxc4 3. e3 e5 4. Bxc4 exd4 5. exd4 Nf6 6. Nc3 Bd6 7. Nge2 h6 8.
O-O O-O 9. Qd3 Nc6 10. a3 a6 11. Bb3 Bd7 12. Ng3 Be6 13. d5 Ne5 14. Qc2 Bd7 15.
Nf5 Bxf5 16. Qxf5 Qd7 17. Qc2 Nf3+ 18. gxf3 Qh3 19. f4 Ng4 20. Re1 Rae8 21. Be3
Nxh2 22. f3 Nxf3+ 23. Kf2 Nh4 24. Kg1 Rxe3 0-1

[Event "Tromso ol (Men) 41st"]
[Site "Tromso"]
[Date "2014.08.12"]
[Round "10.3"]
[White "Mitkov, Nikola"]
[Black "Aagaard, Jacob"]
[Result "1/2-1/2"]
[WhiteElo "2500"]
[BlackElo "2525"]
[PlyCount "82"]
[EventDate "2014.08.02"]
[EventType "team-swiss"]
[EventRounds "11"]
[EventCountry "NOR"]
[Source "ChessBase"]
[SourceDate "2014.09.17"]
[WhiteTeam "FYROM"]
[BlackTeam "Denmark"]
[WhiteTeamCountry "MKD"]
[BlackTeamCountry "DEN"]

1. e4 c5 2. Nc3 d6 3. f4 g6 4. Nf3 Bg7 5. Bb5+ Bd7 6. Bc4 Nc6 7. O-O Na5 8. Be2
Nf6 9. Qe1 Nc6 10. Bc4 Na5 11. Be2 Nc6 12. Bc4 Na5 13. d3 Nxc4 14. dxc4 Bc6 15.
Bd2 Nd7 16. Rd1 a6 17. a4 e6 18. Bc1 Qe7 19. e5 dxe5 20. Nxe5 Nxe5 21. fxe5 O-O
22. Bf4 Rad8 23. Qe3 Rxd1 24. Rxd1 Rd8 25. Rxd8+ Qxd8 26. Qxc5 Bf8 27. Qe3 Bxa4
28. b3 Bc6 29. h3 b6 30. Qd3 Qh4 31. Bg3 Qg5 32. Kh2 Bc5 33. Ne4 Bxe4 34. Qxe4
Qc1 35. Bf4 Qg1+ 36. Kg3 Qf2+ 37. Kh2 Kg7 38. Bg5 Qg1+ 39. Kg3 Qf2+ 40. Kh2
Qg1+ 41. Kg3 Qf2+ 1/2-1/2

[Event "Tromso ol (Men) 41st"]
[Site "Tromso"]
[Date "2014.08.12"]
[Round "10.4"]
[White "Andersen, Mads"]
[Black "Bogdanovski, Vlatko"]
[Result "1/2-1/2"]
[WhiteElo "2477"]
[BlackElo "2426"]
[PlyCount "98"]
[EventDate "2014.08.02"]
[EventType "team-swiss"]
[EventRounds "11"]
[EventCountry "NOR"]
[Source "ChessBase"]
[SourceDate "2014.09.17"]
[WhiteTeam "Denmark"]
[BlackTeam "FYROM"]
[WhiteTeamCountry "DEN"]
[BlackTeamCountry "MKD"]

1. Nf3 Nf6 2. c4 e6 3. g3 a6 4. b3 b5 5. Nc3 d5 6. cxd5 exd5 7. d4 Bb7 8. Bg2
Ne4 9. Bb2 Bb4 10. Rc1 Nd7 11. O-O O-O 12. Nxe4 dxe4 13. Ne5 Nxe5 14. dxe5 Bd2
15. Rc2 Ba5 16. Qc1 Qd5 17. Rd1 Qe6 18. Qg5 Bb6 19. e3 Rfe8 20. h4 Qg6 21. Qf4
Rad8 22. Rcd2 Rxd2 23. Rxd2 h5 24. Kh2 a5 25. Bc3 a4 26. Bb2 axb3 27. axb3 Rf8
28. b4 Re8 29. Bf1 Ba6 30. Be2 Rf8 31. Rd1 Bc8 32. Bxb5 Bg4 33. Rd2 c6 34. Ba4
Bc7 35. Rc2 Bd7 36. b5 Rb8 37. bxc6 Bg4 38. Ba3 Bf3 39. Rc4 Qe6 40. Rxe4 Bxe4
41. Qxe4 Qxe5 42. Qc4 Ra8 43. Bc1 Ra5 44. Bd2 Rc5 45. Qd3 Rd5 46. Qc2 Rc5 47.
Qd3 Rd5 48. Qc2 Rc5 49. Qd3 Rd5 1/2-1/2

[Event "Tromso ol (Men) 41st"]
[Site "Tromso"]
[Date "2014.08.14"]
[Round "11.1"]
[White "Yarmonov, Igor"]
[Black "Palo, Davor"]
[Result "1-0"]
[WhiteElo "2329"]
[BlackElo "2562"]
[PlyCount "69"]
[EventDate "2014.08.02"]
[EventType "team-swiss"]
[EventRounds "11"]
[EventCountry "NOR"]
[Source "ChessBase"]
[SourceDate "2014.09.17"]
[WhiteTeam "IPCA"]
[BlackTeam "Denmark"]
[BlackTeamCountry "DEN"]

1. d4 Nf6 2. c4 e6 3. Nc3 Bb4 4. Qc2 O-O 5. Bg5 d6 6. e3 h6 7. Bh4 e5 8. Nge2
Re8 9. O-O-O Nbd7 10. dxe5 Bxc3 11. Nxc3 dxe5 12. Be2 c6 13. Rd6 Qe7 14. Rhd1
Nc5 15. Bxf6 gxf6 16. g4 Be6 17. b4 Na6 18. a3 Red8 19. c5 Nc7 20. Qd2 Rdc8 21.
Qc2 a5 22. Kb2 axb4 23. axb4 Nd5 24. Bc4 Nxc3 25. Qxc3 Bxc4 26. Qxc4 Rd8 27.
Qd3 Rdb8 28. g5 hxg5 29. h4 b6 30. hxg5 fxg5 31. Rh1 e4 32. Qd4 f6 33. Rxf6 Rd8
34. Rg6+ Kf7 35. Rg7+ 1-0

[Event "Tromso ol (Men) 41st"]
[Site "Tromso"]
[Date "2014.08.14"]
[Round "11.3"]
[White "Vodyasov, Evgeny"]
[Black "Glud, Jakob Vang"]
[Result "0-1"]
[WhiteElo "2226"]
[BlackElo "2533"]
[PlyCount "106"]
[EventDate "2014.08.02"]
[EventType "team-swiss"]
[EventRounds "11"]
[EventCountry "NOR"]
[Source "ChessBase"]
[SourceDate "2014.09.17"]
[WhiteTeam "IPCA"]
[BlackTeam "Denmark"]
[BlackTeamCountry "DEN"]

1. d4 Nf6 2. Nf3 d5 3. e3 c5 4. c4 cxd4 5. exd4 e6 6. Nc3 Bb4 7. Bd3 dxc4 8.
Bxc4 O-O 9. O-O Nc6 10. a3 Be7 11. Qd3 Qa5 12. Bf4 Qh5 13. Rad1 Rd8 14. Qe3 Nd5
15. Nxd5 exd5 16. Be2 Qg6 17. Bd3 Bf5 18. Ne5 Nxe5 19. Bxf5 Qxf5 20. Qxe5 Qxe5
21. dxe5 f5 22. Be3 Kf7 23. f4 Ke6 24. Kf2 Rac8 25. Ke2 b6 26. Bd4 Rc4 27. Rd3
g5 28. g3 gxf4 29. gxf4 Rg8 30. Kf3 Rg4 31. Rfd1 Rg8 32. R1d2 Rc1 33. Rd1 Rxd1
34. Rxd1 Bc5 35. Rd2 Rg7 36. Rd3 h5 37. Rd2 Rg8 38. Bxc5 bxc5 39. Rg2 Rb8 40.
Rg6+ Ke7 41. Rg7+ Kf8 42. Rg5 Rb3+ 43. Kf2 Rxb2+ 44. Kg3 c4 45. Rxf5+ Ke7 46.
Rxh5 c3 47. Rh7+ Kd8 48. Rh8+ Kc7 49. Rh7+ Kb6 50. Rh8 Kb7 51. Rh7+ Kc6 52.
Rh6+ Kc5 53. Rh7 Rb6 0-1

[Event "Tromso ol (Men) 41st"]
[Site "Tromso"]
[Date "2014.08.14"]
[Round "11.4"]
[White "Andersen, Mads"]
[Black "Valenta, Vit"]
[Result "1-0"]
[WhiteElo "2477"]
[BlackElo "2132"]
[PlyCount "105"]
[EventDate "2014.08.02"]
[EventType "team-swiss"]
[EventRounds "11"]
[EventCountry "NOR"]
[Source "ChessBase"]
[SourceDate "2014.09.17"]
[WhiteTeam "Denmark"]
[BlackTeam "IPCA"]
[WhiteTeamCountry "DEN"]

1. d4 Nf6 2. Bg5 g6 3. Bxf6 exf6 4. c4 Bg7 5. Nc3 f5 6. g3 O-O 7. Bg2 c5 8. Nf3
d6 9. Qd2 Nc6 10. e3 cxd4 11. exd4 Re8+ 12. Kf1 Na5 13. b3 Be6 14. Rc1 Rc8 15.
h4 b6 16. Kg1 d5 17. cxd5 Bxd5 18. Nxd5 Rxc1+ 19. Qxc1 Qxd5 20. Kh2 Qd6 21. Re1
Rd8 22. Ng5 Bf6 23. d5 Kg7 24. h5 Qc5 25. Qf4 Nb7 26. h6+ Kg8 27. Ne4 Qd4 28.
Qc7 fxe4 29. Rxe4 Qc5 30. Qxb7 Bg5 31. f4 Bf6 32. Qxa7 Qd6 33. Rc4 Qf8 34. Qxb6
Qxh6+ 35. Kg1 Qg7 36. a4 g5 37. a5 gxf4 38. Rxf4 Bg5 39. a6 Re8 40. Re4 Rxe4
41. Qb8+ Qf8 42. Qxf8+ Kxf8 43. Bxe4 Be3+ 44. Kg2 Ke7 45. Bxh7 Kd6 46. Kf3 Bg1
47. Ke4 Bf2 48. g4 Bg1 49. Kf5 Bd4 50. g5 Ke7 51. Bg8 Bb6 52. Bxf7 Kxf7 53. d6
1-0